Paroles - Les rois du monde - Roméo et Juliette - Statistiques

Statistiques générales
  • Ce quiz a été pris 6 942 fois
  • Le résultat moyen est 291 sur 328
Statistiques - réponses
Réponse % Correct
À
99%
à
99%
a
99%
du
99%
la
99%
le
99%
Les
99%
les
99%
monde
99%
on
99%
On
99%
rois
99%
ce
98%
nous
98%
Nous
98%
De
97%
de
97%
se
97%
après
95%
c'est
95%
C'est
95%
Ils
95%
ils
95%
Jour
95%
jour
95%
vie
95%
ça
94%
fait
94%
nuit
94%
tout
94%
l'amour
93%
mais
93%
pas
93%
quoi
93%
sert
93%
en
92%
ont
92%
pour
91%
qu'ils
91%
Si
91%
sur
91%
bas
90%
d'être
90%
que
90%
terre
90%
au
89%
sont
89%
un
89%
veulent
89%
vit
89%
ne
88%
d'eux
87%
deux
87%
qu'on
87%
font
86%
savent
86%
y'a
86%
qu'ici
85%
Dans
84%
plus
84%
seuls
84%
belle
83%
pense
83%
faire
82%
leur
82%
sait
81%
toute
81%
vue
81%
danse
80%
sommet
80%
temps
80%
comme
79%
mal
79%
autour
78%
et
78%
Et
78%
là-haut,
78%
morale
78%
vent
77%
vivent
77%
fout
76%
leurs
76%
qu'en
76%
châteaux
75%
s'ennuient
74%
d'important
73%
Pendant
73%
bien
70%
peur
70%
des
69%
loups
69%
même
69%
nos
69%
vivre
69%
chiens
68%
genoux
68%
vies
68%
eux
67%
confondent
65%
entre
64%
battent
63%
guerre
61%
ou
59%
place,
55%
fera
54%
tomberont
54%
protègent
52%
pièges
51%
pourquoi
51%
jeux
48%
qu'y
45%
Aucun quiz correspondant
Distribution des résultats
% des personnes avec chaque résultat
Percentile par nombre de réponses
Votre historique - résultats
Vous n’avez pas pris ce quiz